000
00288nam a2200109Ia 4500
008
220204s9999 xx 000 0 und d
082
_a
340
_b
CHA;3
100
_a
Chaudri, S Lakhi Singh
245
0
_a
Fundamental rules and the supplementary rules
260
_a
Hoshiarpur
_c
1963
942
_c
BK
999
_c
19592
_d
19592